| 000 | 00865nam a2200241Ia 4500 | ||
|---|---|---|---|
| 003 | OSt | ||
| 005 | 20220923225303.0 | ||
| 006 | a|||||r|||| 00| 0 | ||
| 007 | ta | ||
| 008 | 220922b |||||||| |||| 00| 0 hin d | ||
| 024 | _a262,034 | ||
| 037 | _cTextual | ||
| 040 |
_aARTS _cARTS _bhin |
||
| 041 |
_2hin _ahin |
||
| 082 | _aDelta:3, 152N2 | ||
| 100 | _aजावलगेकर, रवि रा | ||
| 245 | 0 | _aसचित्र सुलभ योगशास्त्र | |
| 246 | _aSachitra sulabh yogashāstra | ||
| 260 |
_aवाराणसी _b चौखम्बा संस्कृत संस्थान _c1992 |
||
| 650 | _aआध्यात्मिक अनुभव और रहस्यवाद | ||
| 942 |
_hDelta:3, 152N2 _cTEXL _2CC |
||
| 999 |
_c377223 _d377223 |
||